|
|
|
|
| LEADER |
00000nab a2200000u 4500 |
| 001 |
vtls012279650 |
| 003 |
SK-MaSNL |
| 005 |
20260304195616.0 |
| 008 |
250715|20250707xo ||||||| || ||slo| |
| 038 |
|
|
|a KEVKJB
|
| 040 |
|
|
|a KEVKJB
|b slo
|e rda
|
| 041 |
0 |
|
|a slo
|
| 043 |
|
|
|a e-xo---
|
| 044 |
|
|
|a xo
|c SK
|
| 072 |
|
7 |
|a 59
|x Zoológia
|2 konspekt
|
| 080 |
|
|
|a 59:069.029
|2 2011
|
| 110 |
2 |
|
|a Tlačová agentúra Slovenskej republiky
|4 aut
|9 177619
|
| 245 |
0 |
0 |
|a Košická zoo má novú voliéru pre dravce. Stála takmer 700-tisíc
|c [autor] (tasr)
|
| 300 |
|
|
|b Fotografia
|
| 336 |
|
|
|a text
|b txt
|2 rdacontent
|
| 337 |
|
|
|a bez média
|b n
|2 rdamedia
|
| 338 |
|
|
|a zväzok
|b nc
|2 rdacarrier
|
| 610 |
2 |
7 |
|a Zoologická záhrada (Košice, Slovensko)
|2 SNKKA
|9 31695
|
| 650 |
0 |
7 |
|a zoologické záhrady
|2 SNKPH
|9 69911
|
| 650 |
0 |
7 |
|a voliéry
|2 SNKPH
|9 91162
|
| 650 |
0 |
7 |
|a haja tmavá
|2 SNKPH
|9 120302
|
| 650 |
0 |
7 |
|a myšiak hôrny
|2 SNKPH
|9 150734
|
| 651 |
|
7 |
|a Košice (Slovensko)
|2 SNKPHgeo
|9 18694
|
| 773 |
0 |
|
|t Korzár - SME
|g Roč. XXVIII., č. 128 (7.7.2025), s. 6
|x 2585-7355
|
| 852 |
|
|
|a KEVKJB
|b KIS3GCP
|
| 856 |
4 |
1 |
|u https://kosice.korzar.sme.sk/c/23513645/v-kosickej-zoo-vznikla-voliera-pre-dravce-je-priechodna-stala-takmer-700-tisic.html
|
| 999 |
|
|
|c 3082349
|d 3084279
|